<?xml version="1.0" encoding="UTF-8"?><?xml-stylesheet type="text/xsl" href="static/style.xsl"?><OAI-PMH xmlns="http://www.openarchives.org/OAI/2.0/" xmlns:xsi="http://www.w3.org/2001/XMLSchema-instance" xsi:schemaLocation="http://www.openarchives.org/OAI/2.0/ http://www.openarchives.org/OAI/2.0/OAI-PMH.xsd"><responseDate>2026-06-01T19:53:46Z</responseDate><request verb="GetRecord" identifier="oai:riuma.uma.es:10630/27608" metadataPrefix="marc">https://riuma.uma.es/rest/oai/request</request><GetRecord><record><header><identifier>oai:riuma.uma.es:10630/27608</identifier><datestamp>2026-02-03T10:25:43Z</datestamp><setSpec>com_10630_1685</setSpec><setSpec>col_10630_38055</setSpec></header><metadata><record xmlns="http://www.loc.gov/MARC21/slim" xmlns:dcterms="http://purl.org/dc/terms/" xmlns:doc="http://www.lyncode.com/xoai" xmlns:xsi="http://www.w3.org/2001/XMLSchema-instance" xsi:schemaLocation="http://www.loc.gov/MARC21/slim http://www.loc.gov/standards/marcxml/schema/MARC21slim.xsd">
   <leader>00925njm 22002777a 4500</leader>
   <datafield ind2=" " ind1=" " tag="042">
      <subfield code="a">dc</subfield>
   </datafield>
   <datafield ind2=" " ind1=" " tag="720">
      <subfield code="a">Zhao, Nicolás Zhilie</subfield>
      <subfield code="e">author</subfield>
   </datafield>
   <datafield ind2=" " ind1=" " tag="260">
      <subfield code="c">2023</subfield>
   </datafield>
   <datafield ind2=" " ind1=" " tag="520">
      <subfield code="a">La web semántica es un área de investigación y desarrollo muy relevante en la actualidad. El aumento exponencial del volumen de datos y la necesidad de manejar información&#xd;
de manera eficiente han llevado a las tecnologías semánticas a ganar más importancia. En&#xd;
particular, la web semántica se utiliza cada vez más para mejorar la calidad y precisión&#xd;
de la información disponible en línea, lo que resulta en una mejor experiencia del usuario&#xd;
y una mayor eficiencia en la gestión de datos.&#xd;
En consecuencia, han surgido muchos portales web que utilizan la web semántica para&#xd;
organizar y clasificar la información en línea. Estas aplicaciones proporcionan un punto&#xd;
centralizado para acceder a los datos de ontologías, lo que facilita su uso y ayuda a los&#xd;
usuarios a encontrar la información que necesitan de manera más rápida y eficiente.&#xd;
En este contexto, el presente Trabajo de Fin de Grado se enfoca en el desarrollo de&#xd;
un portal web de ontologías para el proyecto nacional “Aether”. Este proyecto es una&#xd;
iniciativa que reúne a cinco grupos de investigación de universidades españolas en el&#xd;
campo de análisis de datos y Big Data. El objetivo principal del proyecto es encontrar&#xd;
soluciones tecnológicas para problemas reales de interés para la industria y la sociedad,&#xd;
como la agricultura, la medicina , el análisis de datos científicos, las ciudades inteligentes,&#xd;
la Industria 4.0 y el análisis de riesgos. En este sentido, el portal web de ontologías será&#xd;
una herramienta crucial para mejorar la eficiencia y calidad de la información disponible&#xd;
en línea.&#xd;
El trabajo no solo describirá el proceso de desarrollo de la aplicación, desde la metodología hasta la implementación de la solución, sino que también se enfocará en el&#xd;
rendimiento, la accesibilidad y el SEO, para asegurar la mejor experiencia posible para&#xd;
los usuarios.</subfield>
   </datafield>
   <datafield ind1="8" ind2=" " tag="024">
      <subfield code="a">https://hdl.handle.net/10630/27608</subfield>
   </datafield>
   <datafield tag="653" ind2=" " ind1=" ">
      <subfield code="a">Proceso electrónico de datos</subfield>
   </datafield>
   <datafield tag="653" ind2=" " ind1=" ">
      <subfield code="a">Datos masivos - Gestión</subfield>
   </datafield>
   <datafield tag="653" ind2=" " ind1=" ">
      <subfield code="a">Web semántica</subfield>
   </datafield>
   <datafield tag="653" ind2=" " ind1=" ">
      <subfield code="a">Análisis de datos</subfield>
   </datafield>
   <datafield tag="653" ind2=" " ind1=" ">
      <subfield code="a">Informática - Trabajos Fin de Grado</subfield>
   </datafield>
   <datafield tag="653" ind2=" " ind1=" ">
      <subfield code="a">Grado en Ingeniería del Software - Trabajos Fin de Grado</subfield>
   </datafield>
   <datafield ind2="0" ind1="0" tag="245">
      <subfield code="a">Portal de ontología. Un repositorio para consumo de datos estructurados y algoritmos relacionados con la extracción y procesamiento de datos</subfield>
   </datafield>
</record>
</metadata></record></GetRecord></OAI-PMH>